Computer-aided process control / (Record no. 180101)
[ view plain ]
| 000 -LEADER | |
|---|---|
| fixed length control field | 01083 a2200181 4500 |
| 003 - CONTROL NUMBER IDENTIFIER | |
| control field | NUST |
| 005 - DATE AND TIME OF LATEST TRANSACTION | |
| control field | 20221026125907.0 |
| 020 ## - INTERNATIONAL STANDARD BOOK NUMBER | |
| International Standard Book Number | 8120322827 |
| 040 ## - CATALOGING SOURCE | |
| Transcribing agency | Nust |
| 082 ## - DEWEY DECIMAL CLASSIFICATION NUMBER | |
| Classification number | 006.68,SIN |
| 100 ## - MAIN ENTRY--PERSONAL NAME | |
| Personal name | Singh, S. K. |
| 9 (RLIN) | 26381 |
| 245 ## - TITLE STATEMENT | |
| Title | Computer-aided process control / |
| Statement of responsibility, etc. | S. K. Singh |
| 260 ## - PUBLICATION, DISTRIBUTION, ETC. | |
| Place of publication, distribution, etc. | New Delhi |
| Name of publisher, distributor, etc. | Prentice-Hall of India |
| Date of publication, distribution, etc. | 2003 |
| 300 ## - PHYSICAL DESCRIPTION | |
| Extent | xx, 587 p. |
| 505 ## - FORMATTED CONTENTS NOTE | |
| Formatted contents note | Introduction to Process Control Systems (Page-1)), Process Modeling for Computer-Aided Process Control (Page-104), Feedback Control System (Page-183), Basics of Computer-Aided Process Control (Page-253), Process Control Computer Hardware and Software (Page-278), Design of Computer –Aided Process Control Systems (Page-336), Advanced Strategies for Computer-Aided Process Control (Page-424), Microcomputer-Based Process Control- A Programmable Logic Controller (Page-496), Microcomputer-Based Process Control A Distributed Control System (Page-512),Computer-Aided Process Control- Practical Implementation (Page-532), |
| 650 ## - SUBJECT ADDED ENTRY--TOPICAL TERM | |
| Topical term or geographic name entry element | Computer process control |
| 9 (RLIN) | 101413 |
| 942 ## - ADDED ENTRY ELEMENTS (KOHA) | |
| Source of classification or shelving scheme | |
| Koha item type | Book |
| Call number prefix | 006.68,SIN |
| Withdrawn status | Lost status | Source of classification or shelving scheme | Damaged status | Not for loan | Permanent Location | Current Location | Shelving location | Date acquired | Full call number | Barcode | Date last seen | Price effective from | Koha item type | Public note |
|---|---|---|---|---|---|---|---|---|---|---|---|---|---|---|
| Military College of Signals (MCS) | Military College of Signals (MCS) | General Stacks | 12/12/2016 | 006.68,SIN | MCS30370 | 12/08/2016 | 12/12/2016 | Book | Almirah No.7, Shelf No.6 |
